La filosofía del no : ensayo de una filosofía del nuevo espíritu científico /

Estudio que plantea la producción de conocimiento científico desde la filosofía del espíritu científico y el pensamiento dialéctico, a través del anális del concepto masa y su perfil epistemológico, de la sustancia como categoría química, de la intuición del espaco y tiempo, así como de la lógica di...

وصف كامل

محفوظ في:
التفاصيل البيبلوغرافية
المؤلف الرئيسي: Bachelard, Gaston (autor)
التنسيق: كتاب
اللغة:الإسبانية
منشور في: Buenos Aires, Argentina : Amorrortu, 1973, c1973
سلاسل:(Biblioteca de Filosofía, Antropología y Religión)
الموضوعات:
الوسوم: إضافة وسم
لا توجد وسوم, كن أول من يضع وسما على هذه التسجيلة!

MARC

LEADER 00000nam^a2200000^a^4500
001 000172854
005 20250521000000.0
009 20260310101433.051
037 |a Acervo ITESO - Biblioteca 
041 |a ESP 
082 |a 121.  |b BAC 
100 |a Bachelard, Gaston  |e (autor) 
240 1 4 |a [La filosofía del no: ensayo de una filosofía del nuevo espíritu científico] 
245 1 3 |a La filosofía del no :  |b ensayo de una filosofía del nuevo espíritu científico /  |c G. Bachelard. 
264 4 |a Buenos Aires, Argentina :  |b Amorrortu,  |c 1973, c1973 
300 |a 121 p. 
336 |a texto  |b txt  |2 rdacontenido 
337 |a sin mediación  |b n  |2 rdamedio 
338 |a volumen  |b nc  |2 rdasoporte 
440 1 |a (Biblioteca de Filosofía, Antropología y Religión) 
500 |a Traducción de: La philosophie du non: essai d'une philosophie du nouvel esprit scientifique 
520 |a Estudio que plantea la producción de conocimiento científico desde la filosofía del espíritu científico y el pensamiento dialéctico, a través del anális del concepto masa y su perfil epistemológico, de la sustancia como categoría química, de la intuición del espaco y tiempo, así como de la lógica dialéctica. 
649 |a XX 
650 |a Espacio y Tiempo 
650 |a Intuición 
650 |a Substancia (Filosofía) 
650 |a Masa (Física) 
650 |a Epistemología -  |x Tema Principal 
650 |a Lógica 
650 |a Metafísica 
650 |a Química -  |x Filosofía 
650 |a Física -  |x Filosofía 
650 |a Filosofía del Siglo XX 
910 |a Fondo Armando Suárez Gómez 
920 |a Impresos - Libros 
930 |a Fondos Especiales 
905 |a 111 
901 |a 0700000819  |b IT2  |c ESP  |u 20250521 
902 |a https://opac.biblio.iteso.mx/vufind/Record/000172854